00565nam a2200181Ia 4500008004100000040001900041041001200060082002900072100001800101245005100119260003700170300002100207650001800228850001000246942000700256999001700263952010300280131103s9999 xx 000 0 und d aLoreto College aEnglish a891.432/OJHbLCLIB/16990 aOjha,Dasarath aHindi NatakbUdbhab aur bikash cDasarath Ojha aDelhibRajpal and Sonsc[19 - ?] a474 p. c 17 cm. aHindi - Drama aLCLIB cBK c18719d69198 00104070aMAINbMAINd2013-11-04l0o891.432/OJH LCLIB/16990pB19417r2013-11-04w2013-11-04yBK